书目信息 |
| 题名: |
国外晶体三极管速查代换大全
|
|
| 作者: | 邢水泉 主编 | |
| 分册: | ||
| 出版信息: | 杭州 浙江科学技术出版社 1998.12 |
|
| 页数: | 756页 | |
| 开本: | 16开 | |
| 丛书名: | ||
| 单 册: | ||
| 中图分类: | TN112-61 | |
| 科图分类: | ||
| 主题词: | 电子管 | |
| 电子资源: | ||
| ISBN: | 7-5341-1177-3 | |
| 000 | 00595nam0 2200193 45 | |
| 001 | 0009130934 | |
| 005 | 20000913100428.2 | |
| 010 | @a7-5341-1177-3@d65.00元 | |
| 100 | @a20000913d1998 km y0chiy0120 ea | |
| 101 | 0 | @achi |
| 105 | @a z 000yy | |
| 200 | 1 | @a国外晶体三极管速查代换大全@AGuo Wai Jing Ti San Ji Guan Su Cha Dai Huan Da Quan@f邢水泉主编@FXing Shui Quan Zhu Bian |
| 210 | @a杭州@c浙江科学技术出版社@d1998.12 | |
| 215 | @a756页@d16开 | |
| 606 | 0 | @a电子管 |
| 690 | @aTN112-61@v3 | |
| 701 | 0 | @a邢水泉@4主编 |
| 801 | @aCN@bPftUser@c20000913 | |
| 905 | @b138834-838@dTN112-61@eX642@f5 | |
| 国外晶体三极管速查代换大全/邢水泉主编.-杭州:浙江科学技术出版社,1998.12 |
| 756页;16开 |
| ISBN 7-5341-1177-3:65.00元 |
| ● |
| 相关链接 |
|
|
|
正题名:国外晶体三极管速查代换大全
索取号:TN112-61/X642
 
预约/预借
| 序号 | 登录号 | 条形码 | 馆藏地/架位号 | 状态 | 备注 |
| 1 | 138834 | 201388346 | 自科库301/404自科库 14排4列1层/ [索取号:TN112-61/X642] | 在馆 | |
| 2 | 138835 | 201388355 | 自科库301/301自科库 18排3列1层/ [索取号:TN112-61/X642] | 在馆 | |
| 3 | 138836 | 201388364 | 自科库301/301自科库 18排3列1层/ [索取号:TN112-61/X642] | 在馆 | |
| 4 | 138837 | 201388373 | 自科库301/301自科库 25排1列5层/ [索取号:TN112-61/X642] | 在馆 | |
| 5 | 138838 | 201388382 | 自科库301/301自科库 25排1列5层/ [索取号:TN112-61/X642] | 在馆 |